| 000 | 01264nam a2200217Ia 4500 | ||
|---|---|---|---|
| 003 | Ost | ||
| 005 | 20260507075052.0 | ||
| 008 | 260507s9999||||xx |||||||||||||| ||und|| | ||
| 040 | _cfsecg | ||
| 041 | _aara | ||
| 082 | _a657.46 | ||
| 100 |
_aالدهراوي، كمال الدين _eمؤلف |
||
| 245 | 0 |
_aتحليل القوائم المالية لأغراض الاستثمار / _c كمال الدين الدهراوي |
|
| 260 |
_aالاسكندرية: _bالمكتب الجامعي الحديث, _c2006 |
||
| 300 |
_a413 صفحة؛ _bإيضاحات ؛ _c25 سم |
||
| 504 | _aالمراجع ص.395 | ||
| 520 | _aالاطار المفاهيمي للمحاسبة المالية، قائمة الدخل وقائمة الأرباح المحتجزة، الميزانية العمومية، قائمة التدفقات النقدية، تحليل القوائم المالية، دلالة البحث المحاسبي لتحليل القوائم المالية، دور المعلومات المحاسبية في تقييم الشركة، دور المعلومات المحاسبية في صياغة عقود الحوافز وشروط المديونة | ||
| 653 | _aالإستثمار | ||
| 653 | _aالمحاسبة التحليلية | ||
| 942 | _cكتاب | ||
| 999 |
_c42673 _d42673 |
||